000
00310nam a2200121Ia 4500
008
191129s9999 xx 000 0 und d
020
_a
9781338113822
100
_a
Storm, Tallia
245
_c
Tallia Storm
_a
Pop girl/
260
_a
UK:
_b
Scholastic Inc.
_c
2017
300
_a
314 p. ;
_c
20 cm.
650
_a
Fiction
999
_c
362798
_d
362798